Smogon Solo Tournaments Winner - Statistiques

Statistiques générales
  • Ce quiz a été pris 21 fois
    15 depuis la dernière actualisation
  • Le résultat moyen est 50 sur 96
Statistiques - réponses
Hint Réponse % Correct
Official Smogon Tournament XIII ABR
100%
Smogon Tour Season 28 ABR
100%
Smogon Tour Season 29 ABR
100%
Smogon Classic VII ABR
100%
Official Ladder Tournament IX SoulWind
100%
Smogon Tour Season 32 SoulWind
100%
Smogon Classic VI SoulWind
100%
Smogon Grand Slam XII Giannis Antetokommo-o
92%
Smogon Tour Season 14 McMeghan
92%
Smogon Classic V McMeghan
92%
Smogon Tour Season 15 Ojama
92%
Smogon Classic I Ojama
92%
Official Smogon Tournament XVII Empo
83%
Smogon Tour Season 30 Empo
83%
Smogon Tour Season 33 Empo
83%
Smogon Tour Season 36 Empo
83%
Official Ladder Tournament VI Tricking
83%
Official Ladder Tournament VII Tricking
83%
Smogon Tour Season 16 BKC
75%
Smogon Tour Season 22 BKC
75%
Smogon Tour Season 17 M Dragon
75%
Official Smogon Tournament V august
67%
Smogon Classic VIII august
67%
Smogon Frontier V Bloo
67%
Official Smogon Tournament XIV mael
67%
Smogon Tour Season 19 Marshall.Law
67%
Smogon Tour Season 35 MichaelderBeste2
67%
Smogon Masters I MichaelderBeste2
67%
Smogon Grand Slam IX Santu
67%
Official Smogon Tournament XI WhiteQueen
67%
Official Ladder Tournament II Alexander
58%
Official Ladder Tournament IV Ciele
58%
Smogon Tour Season 21 Ciele
58%
Smogon Grand Slam I Ciele
58%
Smogon Classic IX Conflict
58%
Official Ladder Tournament X lax
58%
Smogon Tour Season 27 Luigi
58%
Smogon Tour Season 31 Lusa
58%
Official Ladder Tournament III Poek
58%
Smogon Classic II Tsunami
58%
Official Smogon Tournament XIX Vert
58%
Smogon Tour Season 25 blunder
50%
Official Smogon Tournament XVIII Bushtush
50%
Official Smogon Tournament XV craing
50%
Smogon Tour Season 6 Earthworm
50%
Smogon Grand Slam XI Garay oak
50%
Smogon Classic III giara
50%
Official Ladder Tournament VIII Ox The Fox
50%
Smogon Frontier VI Philip7086
50%
Smogon Grand Slam X Punny
50%
Smogon Frontier VII reyscarface
50%
Official Smogon Tournament XX Storm Zone
50%
Smogon Tour Season 34 TJ
50%
Smogon Tour Season 26 z0mOG
50%
Smogon Tour Season 8 DarkLucario
42%
Official Smogon Tournament XVI FlamingVictini
42%
Official Smogon Doubles Tournament IV Frixel
42%
Smogon Tour Season 11 Golden Sun
42%
Official Ladder Tournament I Lyconik
42%
Smogon Tour Season 18 Tesung
42%
Smogon Tour Season 20 Tesung
42%
Smogon Tour Season 1 Veteran in Love
42%
Smogon Tour Season 3 Veteran in Love
42%
Smogon Grand Slam VIII Adaam
33%
Official Smogon Tournament X Atticus
33%
Smogon Frontier III Atticus
33%
Smogon Grand Slam II Bad Ass
33%
Official Smogon Doubles Tournament III Feyy
33%
Smogon Frontier IV Gouki
33%
Smogon Grand Slam V ict
33%
Official Smogon Tournament VII imperfectluck
33%
Smogon Grand Slam VII Pearl
33%
Smogon Tour Season 23 Posho
33%
Official Smogon Doubles Tournament II tob
33%
Official Smogon Tournament IV goofball
25%
Smogon Tour Season 4 goofball
25%
Smogon Tour Season 24 Hiye
25%
Smogon Tour Season 12 Kevin Garrett
25%
Smogon VGC Tournament II kingofmars
25%
Smogon Grand Slam VI Level 56
25%
Official Smogon Doubles Tournament I Nido-Rus
25%
Smogon Tour Season 2 Pokemon Professor
25%
Smogon Tour Season 13 ToF
25%
Smogon VGC Tournament III Biosci
17%
Official Smogon Tournament I cholena
17%
Smogon Tour Season 10 Delta 2777
17%
Smogon Tour Season 5 Giga Punch
17%
Official Smogon Tournament IX gr8astard
17%
Official Smogon Tournament VI hanke
17%
Official Smogon Tournament III Loki
17%
Smogon Tour Season 7 Loki
17%
Smogon Grand Slam III Lowgock
17%
Official Smogon Tournament II Noobster
17%
Official Smogon Tournament VIII Snunch
17%
Smogon VGC Tournament I Tyler
17%
Smogon Tour Season 9 Zak91
17%
Aucun quiz correspondant
Distribution des résultats
% des personnes avec chaque résultat
Percentile par nombre de réponses
Votre historique - résultats
Vous n’avez pas pris ce quiz depuis la dernière actualisation